000 00490nam a2200193 a 4500
001 1755604256693
003 YourLibrary
005 20250819172532.0
008 250819s2005##################000#0#eng##
020 _a9781890206826
082 0 4 _a741.092
_bGAY
100 1 _aSinha, Gayatri,
_eauthor.
245 1 0 _aThe Art of Adimoolam :
260 _bMapin Publishing Pvt,
_c2005.
300 _a106 pages
650 0 _aArt.
942 _cENGLISH
040 _aYourLibrary
_beng
_cYourLibrary
999 _c583019
_d583019